Statistics for 4 Letter World Capitals

Click here to take the quiz!

General Stats

  • This quiz has been taken 855 times
  • The average score is 12 of 14

Answer Stats

HintAnswer% Correct
NorwayOslo
99%
ItalyRome
99%
UkraineKiev
98%
SwitzerlandBern
97%
PeruLima
97%
LatviaRiga
94%
QatarDoha
91%
AzerbaijanBaku
89%
MaldivesMale
85%
East TimorDili
82%
FijiSuva
79%
South SudanJuba
77%
TogoLome
75%
SamoaApia
73%

Score Distribution

Percentile by Number Answered

Percent of People with Each Score

Your Score History

You have not taken this quiz